000 02711cam a22003014a 4500
001 12827543
003 ASAB
005 20180827062716.0
008 020621s2002 nhua b 001 0 eng
010 _a 2002026680
020 _a81-89422-85-5
040 _aDLC
_cASAB
_dDLC
042 _apcc
050 0 0 _aS596.7
_b.S64 2002
082 0 0 _a635
_221
245 0 0 _aunderutilized and underexploited horticultural crops
_ceditor K.V. PETER
260 _aEnfield, N.H. :
_bScience Publishers,
_cc2002.
300 _axiv, various p. :
_bill. (some col.) ;
_c25 cm.
440 _vset of 4 volumes
_92345
504 _aIncludes bibliographical references.
505 8 _aMachine generated contents note: Dedication Preface Acknowledgement List of contributors 1. Historical aspects of soil fertility and crop production research K.R. Krishna 2. Soil geography and sustainability of cultivation Lothar Beyer 3. Soil mineral deficiency, nutrient acquisition, and crop production K.R. Krishna 4. Nitrogen in soil: Transformations and influence on crop productivity K.R. Krishna and Carl Rosen 5. Soil phosphorus, its transformations and their relevance to crop production K.R. Krishna 6. Potassium in soil and its influence on crop growth and yield K.R. Krishna 7. Secondary nutrients in soil and their influence on crop productivity K.R. Krishna 8. Micronutrients in soil, their acquisition mechanisms and influence on crop growth and yield Jean Pierre Ndiaye and K.R. Krishna 9. Soil organic matter in temperate arable land and its relationship to soil fertility and crop production Lothar Beyer, Kristina Pingpank and Klaus Sieling 10. Available soil nutrients and fertilizer use in relation to crop production in the Mediterranean area John Ryan 11. Maximizing soil fertility utilization for higher crop yield: modeling K.R. Krishna 12. Fertilizers for improved soil fertility and crop production K.R. Krishna 13. Biofertilizers to augment soil fertility and crop production Lata, A. K. Saxena, and K.V.B.R. Tilak 14. The use of Stable isotopes in soil fertility research Rebecca Hood 15. Crop improvement towards resistance to soil fertility constraints K.R. Krishna 16. Soil Fertility and Plant diagnostic norms for Horticultural crop production B. S Bharagava and H.B. Raghupathi 17. Nutrient dynamics in agro-environments K.R. Krishna 18. Application of remote sensing in agriculture and soil science S.N.V. Kalluri, and T.J. Schmugee Glossary Index.
650 0 _aSoil fertility.
_92346
650 0 _aFertilizers.
_92347
650 0 _aCrops.
_92348
906 _a7
_bcbc
_corignew
_d1
_eocip
_f20
_gy-gencatlg
942 _2ddc
_cBK
999 _c480340
_d480340